Institutional development : (Record no. 542205)

000 -LEADER
fixed length control field 00618cam a2200181 a 4500
020 ## - INTERNATIONAL STANDARD BOOK NUMBER
International Standard Book Number 0801835542 :
082 00 - DEWEY DECIMAL CLASSIFICATION NUMBER
Classification number 338.90091724
Author Mark ISR
-- D
100 1# - MAIN ENTRY--PERSONAL NAME
Personal name Israel, Arturo.
9 (RLIN) 37304
245 10 - TITLE STATEMENT
Title Institutional development :
Remainder of title incentives to performance /
Statement of responsibility, etc. Arturo Israel.
260 ## - PUBLICATION, DISTRIBUTION, ETC.
Place of publication, distribution, etc. Baltimore :
Name of publisher, distributor, etc. Johns Hopkins University Press,
Date of publication, distribution, etc. 1987.
300 ## - PHYSICAL DESCRIPTION
Extent x, 214 p. :
Other physical details ill. ;
Dimensions 24 cm.
500 ## - GENERAL NOTE
General note "Published for the World Bank."
526 ## - STUDY PROGRAM INFORMATION NOTE
Program name 0
Interest level 0
Reading level 0
Title point value 338_900917240000000_ISR
650 #0 - SUBJECT ADDED ENTRY--TOPICAL TERM
Topical term or geographic name entry element Economic development projects
Geographic subdivision Developing countries.
9 (RLIN) 6796
650 #0 - SUBJECT ADDED ENTRY--TOPICAL TERM
Topical term or geographic name entry element MCE
9 (RLIN) 379
710 2# - ADDED ENTRY--CORPORATE NAME
Corporate name or jurisdiction name as entry element World Bank.
9 (RLIN) 4999
942 ## - ADDED ENTRY ELEMENTS (KOHA)
Source of classification or shelving scheme
Koha item type Book
Holdings
Withdrawn status Lost status Source of classification or shelving scheme Damaged status Not for loan Permanent Location Current Location Date acquired Total Checkouts Full call number Barcode Date last seen Copy number Price effective from Koha item type
          Military College of Engineering (MCE) Military College of Engineering (MCE) 09/26/2013   338.9/009172/4 ISR MCE-43017 09/26/2013 1 09/26/2013 Book
© 2023 Central Library, National University of Sciences and Technology. All Rights Reserved.